How to make friends with the dark : (Record no. 128971)

MARC details
000 -LEADER
fixed length control field 01532nam a2200421 a 4500
001 - CONTROL NUMBER
control field fol19694789
003 - CONTROL NUMBER IDENTIFIER
control field ICrlF
005 - DATE AND TIME OF LATEST TRANSACTION
control field 20250904223928.0
008 - FIXED-LENGTH DATA ELEMENTS--GENERAL INFORMATION
fixed length control field 200430t20202019nyua d 000 1 eng d
020 ## - INTERNATIONAL STANDARD BOOK NUMBER
International Standard Book Number 9781101934784
035 ## - SYSTEM CONTROL NUMBER
System control number (ICrlF)1681EC
040 ## - CATALOGING SOURCE
Original cataloging agency ICrlF
Language of cataloging eng
Transcribing agency ICrlF
Modifying agency ICrlF
050 #4 - LIBRARY OF CONGRESS CALL NUMBER
Classification number PZ7.1.G587
Item number How 2020
082 04 - DEWEY DECIMAL CLASSIFICATION NUMBER
Classification number [Fic]
Edition number 23
100 1# - MAIN ENTRY--PERSONAL NAME
Personal name Glasgow, Kathleen,
Dates associated with a name 1969-
9 (RLIN) 41005
245 10 - TITLE STATEMENT
Title How to make friends with the dark :
Remainder of title a novel /
Statement of responsibility, etc Kathleen Glasgow.
250 ## - EDITION STATEMENT
Edition statement 1st Ember ed.
260 ## - PUBLICATION, DISTRIBUTION, ETC. (IMPRINT)
Place of publication, distribution, etc New York :
Name of publisher, distributor, etc Ember,
Date of publication, distribution, etc 2020.
260 ## - PUBLICATION, DISTRIBUTION, ETC. (IMPRINT)
Date of publication, distribution, etc �2019
300 ## - PHYSICAL DESCRIPTION
Extent 420 p. :
Other physical details ill. ;
Dimensions 21 cm.
510 3# - CITATION/REFERENCES NOTE
Name of source Booklist, March 2019
510 3# - CITATION/REFERENCES NOTE
Name of source Kirkus Review, February 2019
520 ## - SUMMARY, ETC.
Summary, etc Tiger, sixteen, has been pushing away from her overprotective mother, but when her mother dies suddenly Tiger must learn to live when it feels she is surrounded by darkness.
521 2# - TARGET AUDIENCE NOTE
Target audience note Young Adult
Source Follett School Solutions.
521 8# - TARGET AUDIENCE NOTE
Target audience note HL690
Source Lexile.
650 #0 - SUBJECT ADDED ENTRY--TOPICAL TERM
Topical term or geographic name as entry element Grief
Form subdivision Juvenile fiction.
650 #0 - SUBJECT ADDED ENTRY--TOPICAL TERM
Topical term or geographic name as entry element Death
Form subdivision Juvenile fiction.
650 #0 - SUBJECT ADDED ENTRY--TOPICAL TERM
Topical term or geographic name as entry element Orphans
Form subdivision Juvenile fiction.
650 #0 - SUBJECT ADDED ENTRY--TOPICAL TERM
Topical term or geographic name as entry element Single-parent families
Form subdivision Juvenile fiction.
9 (RLIN) 3585
650 #0 - SUBJECT ADDED ENTRY--TOPICAL TERM
Topical term or geographic name as entry element Mothers and daughters
Form subdivision Juvenile fiction.
650 #1 - SUBJECT ADDED ENTRY--TOPICAL TERM
Topical term or geographic name as entry element Grief
Form subdivision Fiction.
650 #1 - SUBJECT ADDED ENTRY--TOPICAL TERM
Topical term or geographic name as entry element Death
Form subdivision Fiction.
650 #1 - SUBJECT ADDED ENTRY--TOPICAL TERM
Topical term or geographic name as entry element Orphans
Form subdivision Fiction.
650 #1 - SUBJECT ADDED ENTRY--TOPICAL TERM
Topical term or geographic name as entry element Single-parent families
Form subdivision Fiction.
9 (RLIN) 804
650 #1 - SUBJECT ADDED ENTRY--TOPICAL TERM
Topical term or geographic name as entry element Mothers and daughters
Form subdivision Fiction.
940 ## - EQUIVALENCE OR CROSS-REFERENCE--UNIFORM TITLE [OBSOLETE] [CAN/MARC only]
-- Young Adult
Date of treaty signing 10/25/24
Version Booklist, March 2019
-- Kirkus Review, February 2019
-- FSS
942 ## - ADDED ENTRY ELEMENTS (KOHA)
Koha item type Book
Holdings
Withdrawn status Lost status Source of classification or shelving scheme Damaged status Not for loan Home library Current library Shelving location Date acquired Full call number Barcode Date last seen Cost, replacement price Price effective from Koha item type
  Available Dewey Decimal Classification     Martha's Vineyard High School Library Martha's Vineyard High School Library   11/07/2024 FIC/GLA 39844500061584 07/03/2025 20.00 11/07/2024 Book